000
00333nam a22001457a 4500
008
221018b ||||| |||| 00| 0 eng d
020
_a
9780803952645
041
_a
eng
080
_2
3 EDITION
_a
004
082
_a
004
100
_a
19.1
101
_a
SHKI
245
_a
UTILIZATION FOCUSED EVALUATION
_c
PATTON M
942
_2
udc
_c
BK
999
_c
58594
_d
58594